[Event "Baunatal op 8th"]
[Site "Baunatal"]
[Date "2002.08.10"]
[Round "3"]
[White "Nazarenus, Moritz"]
[Black "Denger, Philipp"]
[Result "1/2-1/2"]
[WhiteElo "2110"]
[BlackElo "1862"]
[PlyCount "59"]
[EventDate "2002.08.09"]
[EventType "swiss"]
[EventRounds "7"]
[EventCountry "GER"]
[SourceTitle "EXT 2003"]
[Source "ChessBase"]
[SourceDate "2002.11.25"]
[SourceVersion "1"]
[SourceVersionDate "2002.11.25"]
[SourceQuality "1"]

1. d4 Nf6 2. c4 g6 3. Nc3 Bg7 4. e4 d6 5. f3 0-0 6. Be3 Nbd7 7. Bd3 e5 8. d5 a5 9. Nge2 Nc5 10. 0-0 Nxd3 11. Qxd3 Nd7 12. Qc2 b6 13. a3 Ba6 14. Na2 f5 15. exf5 Rxf5 16. Ng3 Rf8 17. Ne4 Nf6 18. Ng5 Bc8 19. Nc3 Bf5 20. Qe2 h6 21. Nge4 Nxe4 22. Nxe4 Bxe4 23. fxe4 Qd7 24. b4 Rxf1+ 25. Qxf1 Qg4 26. Re1 axb4 27. axb4 Ra4 28. Bd2 Ra2 29. h3 Qh4 30. Re2 1/2-1/2